000 00454nam a2200121Ia 4500
008 160609s9999 xx 000 0 und d
100 _aComber, Barbara.
245 _aInternational Handbook Of Research On Children’s Literacy, Learning And Culture
245 _cBy:Barbara Comber, Kathy Hall, Luis C. Moll, Teresa Cremin
260 _c2013
650 _xCHILD & ADOLESCENT DEVELOPMENT
856 _uhttp://file.ebook777.com/001/InHaOfReOnChLiLeAnCu.pdf
999 _c295883
_d295883